| 000 | 00398nam a2200157Ia 4500 | ||
|---|---|---|---|
| 008 | 230917s9999||||xx |||||||||||||| ||und|| | ||
| 040 |
_e138725 _aMAIN |
||
| 041 | _aEnglish | ||
| 082 | _a346.03 R186R | ||
| 100 | _aRunchhoddas, Ratanlal | ||
| 245 | 0 | _aRatanlal and Dhirajlal's the law of torts | |
| 250 | _a22nd ed. | ||
| 260 |
_aAgra _bWadhwa _c1992 |
||
| 300 | _alxxxvii, 784p p. | ||
| 942 | _cBK | ||
| 999 |
_c70901 _d70901 |
||